000 02889cam a2200601 i 4500
001 xx004823827
003 NUKAT
005 20260424121524.0
008 200303s2019 pl |001 0 pol c
020 _a9788380987432
_q(oprawa twarda) :
_czł 45,00
035 _a(OCoLC)1148391827
035 _a(NUKAT)xx004823827
040 _aWR U/hb
_bpol
_erda
_cWR U/hbs
_dWR U/ms
_dWA 14/ABs
_dOLSZT 008/bak
045 2 _bd1918
_bd1938
046 _k2019
_o1918
_p1938
245 0 0 _aAntykomunizm socjalistów :
_bPolska Partia Socjalistyczna wobec Komunistycznej Partii Robotniczej Polski/Komunistycznej Partii Polski : wypisy z prasy i dokumentów (1918-1938) /
_cwstęp, wybór i opracowanie Karol Sacewicz.
246 3 0 _aPolska Partia Socjalistyczna wobec Komunistycznej Partii Robotniczej Polski/Komunistycznej Partii Polski
260 _aOlsztyn ;
_aBiałystok ;
_aWarszawa :
_bInstytut Pamięci Narodowej. Oddział w Białymstoku. Delegatura w Olsztynie,
_c2019.
300 _a519 stron ;
_c22 cm.
336 _aTekst
_btxt
_2rdacontent
337 _aBez urządzenia pośredniczącego
_bn
_2rdamedia
338 _aWolumin
_bnc
_2rdacarrier
380 _aKsiążki
380 _aPublikacje naukowe
388 1 _a1901-2000
388 1 _a1918-1939
388 1 _a2001-
490 1 _aSeria Wydawnicza Oddziału Instytutu Pamięci Narodowej w Białymstoku ;
_vt. 47
504 _aBibliografia, netografia na stronach 491-505. Indeks.
610 2 7 _aKomunistyczna Partia Robotnicza Polski (1918-1925)
_2DBN
_940462
610 2 7 _aKomunistyczna Partia Polski (1925-1938)
_2DBN
_940463
610 2 7 _aPolska Partia Socjalistyczna (1892-1948)
_2DBN
_935813
610 2 7 _aPolska Partia Socjalistyczna (1909-1919)
_vprogramy.
_2kaba
_940464
610 2 7 _aPolska Partia Socjalistyczna (1919-1939)
_vprogramy.
_2kaba
_940465
610 2 7 _aPolska Partia Socjalistyczna (1919-1939)
_xpropaganda.
_2kaba
_940466
610 2 7 _aKomunistyczna Partia Robotnicza Polski.
_2kaba
_940467
610 2 7 _aKomunistyczna Partia Polski.
_2kaba
_940468
648 7 _a1901-2000
_2DBN
_934996
648 7 _a1918-1939
_2DBN
_936041
650 7 _aAntykomunizm
_2DBN
_939401
650 7 _aPropaganda antykomunistyczna
_zPolska
_y1900-1945.
_2kaba
_940461
651 7 _aPolska
_2DBN
_935076
655 7 _aArtykuły
_2DBN
_939080
655 7 _aDokumenty
_2DBN
_937215
655 7 _aOpracowanie
_2DBN
_935024
658 _aHistoria
658 _aPolityka, politologia, administracja publiczna
700 1 _aSacewicz, Karol
_d(1978- ).
_eOpracowanie
_eWstęp
_eWybór
_916268
710 2 _aInstytut Pamięci Narodowej - Komisja Ścigania Zbrodni przeciwko Narodowi Polskiemu.
_bOddział (Białystok).
_bDelegatura (Olsztyn).
_eWydawca
_4pbl
_916272
830 0 _aSeria Wydawnicza Oddziału Instytutu Pamięci Narodowej w Białymstoku
_vt. 47
_913120
920 _a978-83-8098-743-2 (oprawa twarda) : zł 45,00
942 _2ddc
_cBK_NM
999 _c27745
_d27745